000 00563nam a22001577a 4500
005 20120410150159.0
020 _a812150631X
_c00.00
035 _aA-715610
037 _aDPL
_bENG
100 _aConze, Edward
_944927
245 _aBuddhism :
_bIts essence and development /
_cby Edward Conze
260 _aNew Delhi
_bMunshiram Manoharlal Publishers
_c1994
300 _aviii, 212p.
_c18 cms.
942 _2ddc
_cEN
_h250
_mCON
999 _c64818
_d64818